000 00290nam a22001337a 4500
008 171031b xxu||||| |||| 00| 0 eng d
020 _a9780078210372
041 _aeng
080 _210 ED
_a33
100 _a59
101 _aBUS
245 _aBUSINESS LAW
_cBROWN.G.W
942 _2udc
_cBK
999 _c36907
_d36907